000 00422nam a22001697a 4500
999 _c5226
_d5224
005 20210828154230.0
008 160905b xxu||||| |||| 00| 0 eng d
020 _a978-81-272-6164-1
041 _aeng
082 _a632.7
100 _aSRIVASTAVA.K.P, DHALIWAL.G S
_93904
245 _aA TEXT BOOK OF APPLIED ENTOMOLOGY VOL-I
260 _bKALYANI
_c2016
300 _a425
650 _aAGRICULTURE
_92837
942 _cBK